Enfermedades del aparato urinario de la piel y venéreas / (Record no. 162892)

MARC details
000 -LEADER
campo de control de longitud fija 01105nam a2200265 i 4500
001 - NÚMERO DE CONTROL
campo de control 162892
003 - IDENTIFICADOR DE NÚMERO DE CONTROL
campo de control ES-MaACL
005 - FECHA Y HORA DE LA ÚLTIMA TRANSACCIÓN
campo de control 20250806052101.0
008 - DATOS DE LONGITUD FIJA--INFORMACIÓN GENERAL
campo de control de longitud fija 170428s1911 sp a |||| | spa d
100 1# - ENTRADA PRINCIPAL--NOMBRE DE PERSONA
Nombre de persona Oberlaender, F. M.
9 (RLIN) 162497
245 10 - MENCIÓN DEL TÍTULO
Título Enfermedades del aparato urinario de la piel y venéreas /
Mención de responsabilidad, etc. por los profesores F. M. Oberlaender, Neisser y C. Siebert ; traducción directa del alemán por los doctores Jaime Nonell y Pablo González Muñoz.
260 ## - PUBLICACIÓN, DISTRIBUCIÓN, ETC.
Lugar de publicación, distribución, etc. Madrid :
Nombre del editor, distribuidor, etc. Saturnino Calleja Fernández,
Fecha de publicación, distribución, etc. 1911.
300 ## - DESCRIPCIÓN FÍSICA
Extensión 86 p. : il. ;
Dimensiones 24 cm.
490 1# - MENCIÓN DE SERIE
Mención de serie Anuario de ciencias médicas. Segunda serie ;
Designación de volumen o secuencia 4
504 ## - NOTA DE BIBLIOGRAFÍA, ETC.
Nota de bibliografía, etc. Bibliografías.
650 04 - PUNTO DE ACCESO ADICIONAL DE MATERIA--TÉRMINO DE MATERIA
Término de materia o nombre geográfico como elemento de entrada Aparato urinario-
Subdivisión general Enfermedades.
9 (RLIN) 9913
650 04 - PUNTO DE ACCESO ADICIONAL DE MATERIA--TÉRMINO DE MATERIA
Término de materia o nombre geográfico como elemento de entrada Piel-
Subdivisión general Enfermedades.
9 (RLIN) 15998
650 #7 - PUNTO DE ACCESO ADICIONAL DE MATERIA--TÉRMINO DE MATERIA
Término de materia o nombre geográfico como elemento de entrada Enfermedades de transmisión sexual
Fuente del encabezamiento o término embne
9 (RLIN) 12260
700 1# - ENTRADA AGREGADA--NOMBRE PERSONAL
Nombre de persona Siebert, C.
9 (RLIN) 162498
700 0# - ENTRADA AGREGADA--NOMBRE PERSONAL
Nombre de persona Nonell, Jaime.
9 (RLIN) 85939
700 0# - ENTRADA AGREGADA--NOMBRE PERSONAL
Nombre de persona González Muñoz, Pablo.
9 (RLIN) 58833
830 0# - PUNTO DE ACCESO ADICIONAL DE SERIE-TÍTULO UNIFORME
Título uniforme Anuario de ciencias médicas. Segunda serie ;
Designación de volumen o secuencia 4
9 (RLIN) 180969
852 ## - LOCALIZACIÓN
Ubicación ES-MaACL
Número de control de estantería B-11065(4)
Nota libre .- Enc. con otras obras
Holdings
Estatus retirado Estado de pérdida Estado de daño No para préstamo Biblioteca de origen Biblioteca actual Ubicación en estantería Fecha de adquisición Fuente de adquisición Total de préstamos Signatura topográfica completa Código de barras Visto por última vez Precio de reemplazo Tipo de ítem Koha
        Biblioteca del Ateneo de Madrid Biblioteca del Ateneo de Madrid Sala Pardo Bazán 28/04/2017     B-11065(4) 1197492 23/02/2023 23/02/2023 Libro impreso